Statistiken für Kanzlerkandidaten Quiz

Klicken Sie hier um das Quiz zu spielen!

Allgemein

  • Dieses Quiz wurde 456 mal gespielt
  • Das Durchschnittsergebnis liegt bei 11 aus 22

Antwortstatistiken

JahrParteiKandidat% Korrekt
2005, 2009, 2013, 2017CDU/CSUAngela Merkel
99%
2021SPDOlaf Scholz
97%
1998, 2002, 2005SPDGerhard Schröder
90%
1949, 1953, 1957, 1961CDU/CSUKonrad Adenauer
90%
1976, 1983, 1987, 1990, 1994, 1998CDU/CSUHelmut Kohl
89%
2021CDU/CSUArmin Laschet
78%
1976, 1980SPDHelmut Schmidt
77%
1961, 1965, 1969, 1972SPDWilly Brandt
74%
2017SPDMartin Schulz
63%
1965CDU/CSULudwig Erhard
54%
2009SPDFrank-Walter Steinmeier
49%
1969CDU/CSUKurt Georg Kiesinger
49%
2002CDU/CSUEdmund Stoiber
44%
2013SPDPeer Steinbrück
38%
1980CDU/CSUFranz Josef Strauß
26%
1990SPDOskar Lafontaine
21%
1994SPDRudolf Scharping
17%
1987SPDJohannes Rau
15%
1949SPDKurt Schumacher
14%
1983SPDHans-Jochen Vogel
12%
1972CDU/CSURainer Barzel
11%
1953, 1957SPDErich Ollenhauer
8%

Verteilung der Resultate

Perzentil nach korrekt beantworteten Fragen

Anzahl Personen mit jedem Resultat

Ihre Resultats-Entwicklung

Sie haben dieses Quiz noch nicht gespielt